000 00779nam a22002057a 4500
005 20240527103725.0
010 _aHIN-127628
020 _a9789390923908
_c300.00
035 _aHN-99974
037 _bDBAD
082 _a
100 _aपोखरियाल, रमेश
_966882
245 _aजीने का नाम ज़िंदगी/
_cरमेश पोखरियाल
250 _a1
260 _aनई दिल्ली
_bप्रभात प्रकाशन प्रा. लिं.
_c2021
270 _a4/19 आसफ अली रोड ,
_bनई दिल्ली
_e110002
300 _a150पृ.
_c22सेमी. (सजिल्द)
650 _aहिन्दी
_966883
942 _2ddc
_cHN
_h
_mपोखरि
999 _c202992
_d202992